[Event "Baunatal op 8th"]
[Site "Baunatal"]
[Date "2002.08.10"]
[Round "4"]
[White "Kuehn, Patrick"]
[Black "Kiese, Matthias"]
[Result "1/2-1/2"]
[WhiteElo "2067"]
[BlackElo "2236"]
[PlyCount "105"]
[EventDate "2002.08.09"]
[EventType "swiss"]
[EventRounds "7"]
[EventCountry "GER"]
[SourceTitle "EXT 2003"]
[Source "ChessBase"]
[SourceDate "2002.11.25"]
[SourceVersion "1"]
[SourceVersionDate "2002.11.25"]
[SourceQuality "1"]

1. e4 c5 2. Nf3 d6 3. Nc3 Nf6 4. g3 Nc6 5. Bg2 g6 6. 0-0 Bg7 7. d3 0-0 8. h3 Rb8 9. Nh4 b5 10. f4 b4 11. Ne2 Qc7 12. Be3 Nd7 13. Qc1 a5 14. f5 Re8 15. Bh6 Bh8 16. Nf4 e6 17. Nf3 a4 18. Rb1 Nde5 19. fxg6 hxg6 20. h4 Ng4 21. Bg5 Nd4 22. Qd2 a3 23. h5 Nxf3+ 24. Bxf3 Bd4+ 25. Kh1 Ne5 26. b3 Bb7 27. Bg2 Qd7 28. Ne2 f5 29. Nxd4 cxd4 30. hxg6 Nxg6 31. exf5 exf5 32. Qf2 f4 33. Kg1 f3 34. Bxf3 Rf8 35. Qg2 Bxf3 36. Rxf3 Qg4 37. Bf4 Rbe8 38. Rbf1 Re6 39. Bd2 Rxf3 40. Rxf3 Ne5 41. Rf1 Qg6 42. Bxb4 Ng4 43. Qf3 Rf6 44. Qd5+ Re6 45. Bd2 Ne3 46. Bxe3 Qxg3+ 47. Qg2 Qxg2+ 48. Kxg2 dxe3 49. Re1 d5 50. d4 Rc6 51. Re2 Kf7 52. Kf3 Rc3 53. Rxe3 1/2-1/2